U.S. Motorsport Tracks - Sudden Death! - Statistics

General Stats
  • This quiz has been taken 98 times
    91 since last reset
  • The average score is 15 of 25
Answers on the Grid
Answers color-coded by a green-red scale on the quiz's grid according to % correct below.
Albert Park
Bahrain International Circuit
Darlington Raceway
Circuit of Spa-Francorchamps
Autodromo Nazionale Monza
Atlanta Motor Speedway
Brands Hatch
Le Mans
Augusta International Raceway
Silverstone
Circuit of the Americas
Goodwood Motor Circuit
Hockenheimring
Charlotte Motor Speedway
Mugello Circuit
Nürburgring
Red Bull Ring
Adelaide Street circuit
Bristol Motor Speedway
Algarve International Circuit
Anglesey
Chicago Street Course
Cadwell Park
Circuit Ricardo Tormo
Chicagoland Speedway
Donington Park
Hungaroring
Dover Motor Speedway
Circuit Paul Ricard
Portimão
Eldora Speedway
Imola
Indianapolis Motor Speedway
Homestead-Miami Speedway
Woodburn Dragstrip
Alabama International Dragway
Arroyo Seco Raceway
Kansas Speedway
Hilo Dragstrip
Alaska Raceway Park
Maple Grove Raceway
Auto Club Speedway
Pacific Raceways
Atlanta Motorsports Park
Autódromo Hermanos Rodríguez
Arizona Motorsports Park
Daytona
 
Answer Stats
Answer % Correct
Atlanta Motor Speedway
74%
Atlanta Motorsports Park
72%
Daytona
72%
Kansas Speedway
71%
Alaska Raceway Park
69%
Arizona Motorsports Park
69%
Charlotte Motor Speedway
69%
Chicagoland Speedway
69%
Chicago Street Course
69%
Homestead-Miami Speedway
69%
Indianapolis Motor Speedway
67%
Alabama International Dragway
66%
Circuit of the Americas
66%
Bristol Motor Speedway
60%
Darlington Raceway
59%
Auto Club Speedway
57%
Dover Motor Speedway
55%
Maple Grove Raceway
55%
Augusta International Raceway
53%
Woodburn Dragstrip
53%
Hilo Dragstrip
43%
Pacific Raceways
41%
Arroyo Seco Raceway
38%
Eldora Speedway
38%
Autódromo Hermanos Rodríguez
3%
No matching quizzes found
Score Distribution
Percent of People with Each Score
Percentile by Number Answered
Your Score History
You have not taken this quiz since the last reset